000
00242nam a2200097Ia 4500
008
191206s9999 xx 000 0 und d
020
_a
9.78812E+12
090
_a
HG4026.H66933
245
0
_a
Fundamentals of financial management.
260
_c
c2009
999
_c
16024
_d
16024